| 000 | 00762nam a2200217 i 4500 | ||
|---|---|---|---|
| 001 | 22063 | ||
| 003 | ES-MaACL | ||
| 005 | 20230906152613.0 | ||
| 007 | t| | ||
| 008 | 021129s1955 sp ||||1| spa d | ||
| 100 | 1 |
_aAlfonso María de Ligorio _cSanto. _919867 |
|
| 245 | 1 | 0 |
_aInstrucción al pueblo acerca de los mandamientos / _cSan Alfonso María de Ligorio ; traducida del original italiano, arreglada y anotada por N. Moriones. |
| 260 |
_aMadrid : _bPerpetuo Socorro, _c1955 ( _fSoler) |
||
| 300 |
_a559 p. ; _c16 cm. |
||
| 490 | 1 | _aColección Alfonsiana | |
| 700 | 1 |
_aMoriones, Nicanor. _983576 |
|
| 830 | 0 |
_aColección Alfonsiana _9180785 |
|
| 852 |
_aES-MaACL _jC-10809 _bR.38457 |
||
| 852 |
_aES-MaACL _jC-13538 _bR.39373 |
||
| 999 |
_c22063 _d22063 |
||